| 000 | 00660nam a2200205Ia 4500 | ||
|---|---|---|---|
| 001 | 63861 | ||
| 008 | 190921n2019 ii |||gr||||Z||||||465 | ||
| 020 | _a9789332587335 | ||
| 082 | _a320.954 | ||
| 100 |
_aRoy, Himanshu, _eAuthor. |
||
| 245 | 0 |
_aIndian political thought _bthemes and thinkers _hTextual Documents |
|
| 250 | _a2nd ed. | ||
| 260 |
_aUP _bPearson Education Pvt.Ltd _c2019 |
||
| 300 |
_axxix, 441p: _c23cm. |
||
| 653 | _aPolitical science | ||
| 653 | _apolitical thought, Indian political thought, Thinkers of Indian politics, Thinkers, Political thinkers | ||
| 653 | _aPG-Political science | ||
| 653 | _aG-Political science | ||
| 942 |
_2ddc _cBK |
||
| 999 |
_c64962 _d64962 |
||